01483cam a2200325 4500001001300000003000400013005001700017008004100034010001700075040001800092041001600110050002700126100001700153240003500170245013300205260008800338300002900426490010400455500004500559504003100604500004700635500007100682500004600753505012600799650001800925700004200943700005600985830009901041999001701140sa 68018919 DLC20260227112715.0910104m19479999ii b 000 0 hino  asa 68018919  aDLCcDLCdDLC1 ahinprahpra00aBL1316.B47bM3516 19440 aBhūtabali.10aMahābandha.lHindi & Prakrit10aMahābandha.cBhūtabali Bhaṭṭarakakr̥ta. Hindī anuvāda ādi sahita. Sampādana-anuvāda, Sumerucandra Divākara. a[Vārāṇasī]bBhāratīya Jñānapīṭha Prakāśana,c1947-<1965 > av. <1-2, 6-7 >c27 cm.1 aJñānapīṭha Mūrtidevī jainagranthamālā. Prākr̥ta ;vgranthāṅka <1, 4, 8-9 > aHindi and Prakrit; explationas in Hindi. aBibliographical footnotes. aIncludes various editions of some volumes. aVols. <2, 6-7 > edited by Phūlacandra Siddhāntaśāstrī. aClassical work on Jaina ethics of action.1 a1. Paḍhamo payaḍibandhāhiyāro -- 2. Bidiyo ṭṭhidibandhāhiyāro -- 6-7. Cauttho padeśabandhāhiyāro. 0aJaina ethics.1 aDivākara, Sumerucandra,d1905-1994.1 aSiddhāntaśāstrī, Phūlacandra,d1901-1995. 0aJñānapīṭha Mūrtidevī Jaina granthamālā.pPrākr̥ta ;vgranthāṅka 1, etc. c88713d88713